<The> European council in 2013

Salvato in:
Dettagli Bibliografici
Natura: Libro
Lingua:inglese
Pubblicazione: Luxembourg Publications Office of the European Union 2014
Soggetti:
Tags: Aggiungi Tag
Nessun Tag, puoi essere il primo ad aggiungerne!!

MARC

LEADER 00000nam a2200000 4500
001 0192506
005 20240318114316.4
020 |a 978-92-824-4160-2 
022 |a 1977-3110 
041 0 |a eng 
044 |a LU 
245 1 0 |a <The> European council in 2013 
264 1 |a Luxembourg  |b Publications Office of the European Union  |c 2014 
300 |a 75 s. 
610 2 0 |a Európska rada 
610 2 0 |a spolupráca hospodárska medzinárodná 
610 2 0 |a politika hospodárska medzinárodná 
610 2 0 |a Európska únia